SURYA NAMASKARA A TECHNIQUE OF SOLAR VIT (Record no. 5908)

MARC details
000 -LEADER
fixed length control field 00359nam a2200133Ia 4500
008 - FIXED-LENGTH DATA ELEMENTS--GENERAL INFORMATION
fixed length control field 240624s9999 xx 000 0 und d
041 ## - LANGUAGE CODE
Language code of text/sound track or separate title eng
082 ## - DEWEY DECIMAL CLASSIFICATION NUMBER
Classification number 613.7046 SAR
100 ## - MAIN ENTRY--PERSONAL NAME
Personal name SARASWATI SWAMI SATYANANDA
245 ## - TITLE STATEMENT
Title SURYA NAMASKARA A TECHNIQUE OF SOLAR VIT
260 ## - PUBLICATION, DISTRIBUTION, ETC.
Date of publication, distribution, etc. 2003
Place of publication, distribution, etc. New Delhi
Name of publisher, distributor, etc. Full Circle
300 ## - PHYSICAL DESCRIPTION
Extent 149 : p. : cm. ; 21
365 ## - TRADE PRICE
Currency code RS
Price amount 20
Holdings
Withdrawn status Lost status Damaged status Not for loan Home library Current library Shelving location Date acquired Source of acquisition Cost, normal purchase price Total Holds Full call number Barcode Date last seen Copy number Price effective from Koha item type
        IMTN IMTN Rack 19-B 09/06/2007 WBD 125.00 454 613.7046 SAR 5908 06/24/2024 1 06/24/2024 Books
Designed & Maintained by: LRC IMT Nagpur Contact: lrc@imtnag.ac.in© 2024. All Rights Reserved.